Statistics for Easternmost Cities

Click here to take the quiz!

General Stats

  • This quiz has been taken 854 times
  • The average score is 12 of 24

Answer Stats

LongitudeCity% Correct
139°42′ETokyo
97%
151°13′E Sydney
88%
126°59′ESeoul
86%
144°58′EMelbourne
83%
135°30′EOsaka
82%
174°44′EAuckland
80%
153°02′EBrisbane
72%
125°44′EPyongyang
69%
141°21′ESapporo
61%
138°36′EAdelaide
59%
135°46′EKyoto
57%
136°54′ENagoya
55%
132°27′EHiroshima
53%
129°05′EBusan
51%
130°24′EFukuoka
37%
135°12′EKobe
37%
140°52′ESendai
26%
128°36′EDaegu
25%
126°38′EIncheon
24%
126°38′EHarbin
23%
123°54′ECebu City
16%
125°36′EDavao City
15%
125°12′EChangchun
7%
137°43′EHamamatsu
7%

Score Distribution

Percentile by Number Answered

Percent of People with Each Score

Your Score History

You have not taken this quiz